000 01074cad a22002895a 4500
001 E152082
008 110131s2010 xxk f 100 0 eng d
020 _a9781842196199
035 _a(Sirsi) u152082
041 0 _aeng
100 1 _aAwuah, Kwasi Gyau Baffour
111 2 _aConstruction and Building Research Conference
_cDauphine Universite, Paris
_d2-3 September 2010
245 0 0 _aSub Saharan Africa urban land use planning systems
_bthe need for an economic appraisal
_h[electronic resource]
260 _aLondon
_bRICS
_c2010
520 _aA paper presented at the COBRA Conference in Paris on 2-3 September 2010.
590 _aKA
650 2 4 _aCONSTRUCTION AND BUILDING RESEARCH CONFERENCE (COBRA)
651 4 _aAfrica
690 _aPlanning and development
_96259
700 _aHammond, Felix
700 1 _aBloch, Robin
700 1 _aProverbs, David
700 1 _aBooth, Colin
700 1 _aLamond, Jessica
856 4 0 _uhttps://archive.rics.org/site/scripts/download_info.aspx?fileID=8126&categoryID=720
_zBroken link - not available
942 _n0
999 _c111843
_d111843